|
|
|
|
| LEADER |
00734cam a2200241ua 4500 |
| 008 |
060815t1997||||||||||| 001 ||eng c |
| 020 |
|
|
|a 81-7808-228-4
|
| 041 |
0 |
|
|a eng
|
| 082 |
|
|
|a 005.117
|b BUD/I
|
| 100 |
0 |
|
|a Budd,, Timothy
|
| 245 |
1 |
0 |
|a Introduction to object oriented programming /
|
| 250 |
|
|
|a 2
|
| 260 |
|
|
|a Delhi:
|b Pearson Education Inc.,
|c 1997.
|
| 300 |
|
|
|a xviii, 452p..
|
| 362 |
1 |
|
|a 1997.
|
| 365 |
|
|
|a Rs.365/-
|e PB
|
| 500 |
|
|
|a Includes bibliographies and index.
|
| 504 |
|
|
|a .
|
| 650 |
|
|
|a Object oriented programming
|
| 650 |
0 |
|
|a Computer science
|
| 942 |
|
|
|c BK
|
| 999 |
|
|
|c 6563
|d 6563
|
| 952 |
|
|
|0 0
|1 0
|4 0
|6 005_117000000000000_BUD
|7 0
|9 6896
|a KUCL
|b KUCL
|d 2014-05-23
|l 0
|o 005.117 BUD/
|p 11750
|r 2014-05-23
|w 2014-05-23
|y BK
|